| 000 -LEADER |
| fixed length control field |
00389nam a22001217a 4500 |
| 005 - DATE AND TIME OF LATEST TRANSACTION |
| control field |
20180806133927.0 |
| 008 - FIXED-LENGTH DATA ELEMENTS--GENERAL INFORMATION |
| fixed length control field |
180806b ||||| |||| 00| 0 eng d |
| 040 ## - CATALOGING SOURCE |
| Original cataloging agency |
|
| Transcribing agency |
|
| 082 ## - DEWEY DECIMAL CLASSIFICATION NUMBER |
| Classification number |
A45:R6603/BOMB |
| 245 ## - TITLE STATEMENT |
| Title |
Annual report on the working of the workmen's compensation act, 1923 |
| Remainder of title |
by Government of Maharashtra |
| 260 ## - PUBLICATION, DISTRIBUTION, ETC. (IMPRINT) |
| Place of publication, distribution, etc |
Bombay |
| Name of publisher, distributor, etc |
Government Printing and Stationery |
| 942 ## - ADDED ENTRY ELEMENTS (KOHA) |
| Source of classification or shelving scheme |
|
| Item type |
GG |